S.Chand's ICSE Mathematics/ (Record no. 198756)

MARC details
000 -LEADER
fixed length control field 00612nam a22001817a 4500
005 - DATE AND TIME OF LATEST TRANSACTION
control field 20231108115556.0
010 ## - LCCN (DPL NO)
LC control number ENG-138264
020 ## - INTERNATIONAL STANDARD BOOK NUMBER
Terms of availability 620.00
International Standard Book Number 9789355013712
035 ## - SYSTEM CONTROL NUMBER
System control number EN-121796
037 ## - SOURCE OF ACQUISITION
Source of stock number/acquisition DBAD/PUB
082 ## - DEWEY DECIMAL CLASSIFICATION NUMBER
Classification number 510
100 ## - MAIN ENTRY--PERSONAL NAME
Personal name Malhotra, O.P
245 ## - TITLE STATEMENT
Title S.Chand's ICSE Mathematics/
Statement of responsibility, etc By O.P Malhotra; S.K Gupta and Anubhuti Gangal
260 ## - PUBLICATION, DISTRIBUTION, ETC. (IMPRINT)
Place of publication, distribution, etc NEW DELHI
Name of publisher, distributor, etc S CHAND SCHOOL BOOKS
Date of publication, distribution, etc 2022
270 ## - ADDRESS
City Delhi
Telephone number 011-66672000
Address B-1/D-1, Ground Floor , Mohan Co-operative Industrial Estate ,Mathura Road
Postal code 110044
300 ## - PHYSICAL DESCRIPTION
Extent 225p.
Dimensions 25cm.pbk
942 ## - ADDED ENTRY ELEMENTS (KOHA)
Source of classification or shelving scheme Dewey Decimal Classification
Item type English Books
Call number suffix MAL
Classification part 510
Holdings
Withdrawn status Lost status Not for loan Collection code Home library Current library Date acquired Source of acquisition Cost, normal purchase price Full call number Barcode Copy number Cost, replacement price Koha item type
      Non-fiction Bawana Bawana 12/10/2023 DBAD/PUB 620.00 MAL 510 EN-121796 1 620.00 English Books

© Delhi Public Library
Hit Counter
free hit counter